| 000 | 01291pab a2200181 454500 | ||
|---|---|---|---|
| 008 | 180718b2013 xxu||||| |||| 00| 0 eng d | ||
| 100 | _aNoda, Ayaka | ||
| 245 | _aContinuing professional education for Japanese government officials: study destinations and motivational factors | ||
| 260 | _c2013 | ||
| 300 | _ap.544-555. | ||
| 520 | _aThe Japanese government's Continuing Professional Education (CPE) programs have sent officials to graduate and professional schools in Japan and abroad. This research examines the destination choice patterns of CPE participants and the reasons they choose Japanese or U.S. universities. Interviews with CPE participants suggested that U.S. schools attracted Japanese government officials by offering a wider range of courses emphasizing the integration of theory and practice. Boshier's motivational orientation model was applied to better understand CPE motivations and reasons. Notably, no participant identified "social welfare" as an important motivator, but "employment benefit" and "upgrading personal market value" factors emerged. - Reproduced. | ||
| 650 | _aCivil service - Japan | ||
| 650 | _aCivil service | ||
| 700 | _aKim, Mikyong Minsun | ||
| 773 | _aInternational Journal of Public Administration | ||
| 908 | _aN | ||
| 909 | _a103433 | ||
| 999 |
_c103429 _d103429 |
||